| 000 | 01056cam a22002775i 4500 | ||
|---|---|---|---|
| 001 | 22421881 | ||
| 003 | OSt | ||
| 005 | 20251029181411.0 | ||
| 008 | 220214s2022 nju 000 0 eng | ||
| 020 | _a9780691179087 (paperback) | ||
| 040 |
_aDLC _beng _erda _cDLC _dDLC |
||
| 050 | _aQB821 TAU | ||
| 100 | 1 |
_aTauris, Thomas M. _eAuthor |
|
| 245 | 1 | 0 |
_aPhysics of binary star evolution : _bfrom stars to x-ray binaries and gravitational wave sources / _cThomas M. Tauris and Edward P. J. van den Heuvel. |
| 260 |
_aPrinceton : _bPrinceton University Press, _c©2023. |
||
| 300 |
_aix, 852 pages : _bIllustrations ; _c24 cm. |
||
| 336 |
_atext _btxt _2rdacontent |
||
| 337 |
_aunmediated _bn _2rdamedia |
||
| 338 |
_avolume _bnc _2rdacarrier |
||
| 440 | _a Princeton series in astrophysics. | ||
| 504 | _aIncludes bibliographical references and index. | ||
| 650 | _vDouble stars Evolution. | ||
| 650 | _vSCIENCE / Physics / Astrophysics. | ||
| 700 | 1 |
_aVan den Heuvel, Edward P. J. _eAuthor |
|
| 942 |
_2lcc _cBOOKS _hQB821 TAU _kQB _mTAU _n0 _01 |
||
| 999 |
_c172016 _d172016 |
||